000 00779nam a22002177a 4500
999 _c17993
_d17993
003 OSt
005 20230323155139.0
008 230323b ||||| |||| 00| 0 eng d
040 _c0
082 _aDPer 570 J826 2021 v55 no. 1-5
100 _aWyner, Yael.
_eauthor.
_948057
245 _aSeeing the trees :
_bwhat urban middle school students notice about the street trees that surround them /
_cYael Wyner and Jennifer H. Doherty
260 _aUnited Kingdom,
_bTaylor & Francis Group,
_cApril 2021.
300 _avolume 55, pages 155-177, illustration.
650 _aEducation.
_948058
650 _aTrees.
_948059
650 _aMiddle schools.
_947974
700 _aWyner, Yael.
_eauthor.
_948057
700 _aDoherty, Jennifer H.
_eauthor.
_948060
942 _2ddc
_cPER